| 000 | 01095nam a2200277Ia 4500 | ||
|---|---|---|---|
| 003 | GCL | ||
| 008 | 140319s9999 xx 000 0 ara d | ||
| 040 |
_aGCL / _cGCL |
||
| 082 | 0 | 4 |
_aق _b953.0962 _bع ر |
| 100 | 1 | _aعبدالرحيم عبدالرحمن عبدالرحيم | |
| 245 | 1 | 0 |
_aالريف المصرى فى القرن الثامن عشر / _cعبدالرحيم عبدالرحمن عبدالرحيم |
| 250 | _aالثانية | ||
| 260 |
_aالقاهرة : _bمكتبة مدبولى ، _c1986 |
||
| 300 |
_a335 ص ؛ _c24سم |
||
| 650 | 0 | 4 | _aالقبائل العربية |
| 650 | 0 | 4 | _aالحياة الدينية |
| 650 | 0 | 4 | _aالحرف اليدوية |
| 650 | 0 | 4 | _aالريف المصرى |
| 650 | 0 | 4 | _aالاعياد الدينية |
| 650 | 0 | 4 | _aمصر - العادات والتقاليد |
| 650 | 0 | 4 | _aمصر - الاحوال الاجتماعية |
| 650 | 0 | 4 | _aالادارة المحلية - مصر |
| 650 | 0 | 4 | _aمصر - الاحوال الريفية |
| 650 | 0 | 4 | _aمصر - الاحوال الثقافية - القرن الثامن عشر |
| 942 |
_2ddc _cBK |
||
| 999 |
_c58752 _d58752 |
||